Normal view
MARC view
- Hughes, A. W.
Entry Personal Name
001 - CONTROL NUMBER
- control field: 1369
003 - CONTROL NUMBER IDENTIFIER
- control field: NUST
005 - DATE AND TIME OF LATEST TRANSACTION
- control field: 20170523145151.0
008 - FIXED-LENGTH DATA ELEMENTS
- fixed length control field: 170523|| aca||aabn | a|a d
040 ## - CATALOGING SOURCE
- Original cataloging agency: NUST
- Transcribing agency: NUST
100 ## - HEADING--PERSONAL NAME
- Personal name: Hughes, A. W.
- Fuller form of name: (Albert William)
670 ## - SOURCE DATA FOUND
- Source citation: Work cat.: (NUST)0: Hughes, A. W. (Albert William), A gazetteer of the Province of Sind., 1876.
